000 00712nam a22002055i 4500
001 98852
003 ES-MaACL
005 20230906182408.0
007 t|
008 950915s1877 sp ||||1| spa d
040 _aCAM
_bspa
_cCAM
080 _a821.134.2-21"18"
100 1 _aEchegaray, José,
_d1832-1916
_946526
245 1 3 _aEl gladiador de Ravena
_b: imitación de las últimas escenas de la tragedia alemana de Federico Halm (Munch de Bellinghaussen) /
_cpor José Echegaray.
260 _aMadrid :
_b[s.n.],
_c1877 (
_fImpr. de T. Fortanet)
300 _a38 p. ;
_c20 cm.
700 1 _aHalm, Friedrich.
_9127770
852 _aES-MaACL
_jB-3094(1)
_z.- Enc. en un vol. facticio
999 _c98852
_d98852